|
|
|
|
| LEADER |
00621nam a22001577a 4500 |
| 008 |
160316b xxu||||| |||| 00| 0 san d |
| 082 |
|
|
|a 891.201815,
|
| 100 |
|
|
|a Jha, Badarinath
|
| 245 |
|
|
|a Rasagangadhara of Panditaraja Jagannatha /
|c By Badarinath Jha & Madan
|
| 260 |
|
|
|a Varanasi :
|b Chowkhamba Vidyabhavan ,
|c c2011.
|
| 300 |
|
|
|a 406p.
|
| 490 |
|
|
|a Vidyabhavan Sanskrit Granthamala.
|v 11.
|
| 700 |
|
|
|a Jha, Madan Mohan.
|
| 942 |
|
|
|c BK
|
| 999 |
|
|
|c 249923
|d 249923
|
| 952 |
|
|
|0 0
|1 0
|4 0
|6 891_000000000000000_201815
|7 0
|9 278003
|a SAN
|b SAN
|c ST1
|d 2016-03-16
|g 150.00
|i 7112
|l 6
|m 1
|o 891.201815,
|p SAN7112
|r 2021-09-28
|s 2021-02-03
|w 2016-03-16
|y BK
|